000 00315nam a22001337a 4500
082 _a000
_bBAN/M
100 _aBANGIA, RAMESH
245 _aMULTIMEDIA AND WEB TECHNOLOGY
250 _aSECOND EDITION
260 _aDELHI
_bFIREWALL MEDIA
300 _a878
650 _aCOMPUTER SCIENCE REFERENCE
_zINDIA
942 _cBK
999 _c1666
_d1666